მეწარმეობის თეორიული საფუძვლები = Fundamentals of entrepreneurship : (ბიბ.ჩანაწერი № 54987)
[ მარტივი ფორმატი ]
| 000 -ლიდერი | |
|---|---|
| ფიქსირებული სიგრძის საკონტროლო ველი | 02177nam a2200349Ia 4500 |
| 001 - საკონტროლო ნომერი | |
| საკონტროლო ველი | 22058 |
| 003 - საკონტროლო ნომრის იდენტიფიკატორი | |
| საკონტროლო ველი | GE_BSU |
| 005 - ბოლო ოპერაციის თარიღი და დრო | |
| საკონტროლო ველი | 20220930145913.0 |
| 008 - ფიქსირებული სიგრძის მონაცემთა ელემენტები - ზოგადი ინფორმაცია | |
| ფიქსირებული სიგრძის საკონტროლო ველი | 181216s ||||ge |||||||||||||| ||geo|| |
| 020 ## - წიგნის საერთაშორისო სტანდარტული ნომერი | |
| International Standard Book Number | 9789941131974 |
| 040 ## - კატალოგიზაციის წყარო | |
| Transcribing agency | GE_BSU |
| 041 ## - ენის კოდი | |
| Language code of text/sound track or separate title | geo |
| 080 ## - უნივერსალური ათობითი კლასიფიკაციის ინდექსი | |
| Universal Decimal Classification number | 338.22 მ-63 |
| 245 ## - ცნობა სათაურის შესახებ | |
| Title | მეწარმეობის თეორიული საფუძვლები = Fundamentals of entrepreneurship : |
| Remainder of title | დამხმ. სახელმძღვ. ნაწ. 3 / |
| Statement of responsibility, etc | ჰასიდი ჯოზეფ, ალექსის-სტეფანოს კომსელისი, რევაზ გველესიანი, ელგუჯა მექვაბიშვილი, გაგნიძე ინეზა , ლეკვეიშვილი ეკა, ნაცვალაძე მარინა ; რედ. : რევაზ გველესიანი, ჯამლეტ ჯანჯღავა. |
| 264 ## - წარმოების, გამოცემის, დისტრიბუციის და სხვა ცნობები | |
| გამოცემის, წარმოების, დისტრიბუციის... ადგილი | თბილისი : |
| გამოცემის, წარმოების, დისტრიბუციის... სახელწოდება | თბილ. უნ-ტის გამ-ბა, |
| გამოცემის, წარმოების, დისტრიბუციის... თარიღი | 2011. |
| 300 ## - ფიზიკური აღწერა | |
| Extent | 147გვ. ; |
| Dimensions | 26 სმ. |
| 504 ## - BIBLIOGRAPHY, ETC. NOTE | |
| Bibliography, etc | ბიბლიოგრაფია გვ. :145-147 |
| 653 ## - INDEX TERM--UNCONTROLLED | |
| Uncontrolled term | ეკონომიკა |
| 653 ## - INDEX TERM--UNCONTROLLED | |
| Uncontrolled term | მეწარმეობა |
| 653 ## - INDEX TERM--UNCONTROLLED | |
| Uncontrolled term | ბიზნესი |
| 700 ## - ADDED ENTRY--PERSONAL NAME | |
| Personal name | ჰასიდი, ჯოზეფ |
| Relator term | ავტორი |
| 9 (RLIN) | 12284 |
| 700 ## - ADDED ENTRY--PERSONAL NAME | |
| Personal name | კომსელისი, ალექსის-სტეფანოს |
| Relator term | ავტორი |
| 9 (RLIN) | 12285 |
| 700 ## - ADDED ENTRY--PERSONAL NAME | |
| Personal name | გველესიანი, რევაზ |
| Relator term | ავტორი |
| 9 (RLIN) | 3195 |
| 700 ## - ADDED ENTRY--PERSONAL NAME | |
| Personal name | მექვაბიშვილი, ელგუჯა |
| Relator term | ავტორი |
| 9 (RLIN) | 14936 |
| 700 ## - ADDED ENTRY--PERSONAL NAME | |
| Personal name | გაგნიძე, ინეზა |
| Relator term | ავტორი |
| 9 (RLIN) | 12287 |
| 700 ## - ADDED ENTRY--PERSONAL NAME | |
| Personal name | ლეკვეიშვილი, ეკა |
| Relator term | ავტორი |
| 9 (RLIN) | 12288 |
| 700 ## - ADDED ENTRY--PERSONAL NAME | |
| Personal name | ნაცვალაძე, მარინა |
| Relator term | ავტორი |
| 9 (RLIN) | 12289 |
| 700 ## - ADDED ENTRY--PERSONAL NAME | |
| Personal name | გველესიანი, რევაზ |
| Relator term | რედაქტორი |
| 9 (RLIN) | 3195 |
| 700 ## - ADDED ENTRY--PERSONAL NAME | |
| Personal name | ჯანჯღავა, ჯამლეტ |
| Relator term | რედაქტორი |
| 9 (RLIN) | 12290 |
| 942 ## - ADDED ENTRY ELEMENTS (KOHA) | |
| Koha item type | წიგნი |
| Source of classification or shelving scheme | |
| ჩამოწერის სტატუსი | დაკარგული ეგზემპლარის სტატუსი | კლასიფიკაციის წყარო ან თაროზე გაწყობის სქემა | დაზიანების სტატუსი | არ გაიცემა | მუდმივი მდებარეობა (დაცვის ადგილი) | ამჟამინდელი ადგილსამყოფელი | თაროზე განთავსების ადგილი | შეძენის თარიღი | ღირებულება, შესყიდვის ნორმალური ფასი | სრული შენახვის შიფრი | შტრიხკოდი | ბოლო ოპერაციის თარიღი | ეგზემპლარის მიმდევრობითი ნომერი (კეტერი?) | ფასის ძალაში შესვლის თარიღი | ეგზემპლარის სახეობა | საჯარო შენიშვნა |
|---|---|---|---|---|---|---|---|---|---|---|---|---|---|---|---|---|
| ბათუმის შოთა რუსთაველის სახელმწიფო უნივერსიტეტის მთავარი ბიბლიოთეკა | ბათუმის შოთა რუსთაველის სახელმწიფო უნივერსიტეტის მთავარი ბიბლიოთეკა | წიგნსაცავი | 2018-12-17 | 22.30 | 338.22 მ-63 | 56818 | 2018-12-17 | 56818 | 2018-12-17 | წიგნი | 22.30 ₾. | |||||
| ბათუმის შოთა რუსთაველის სახელმწიფო უნივერსიტეტის მთავარი ბიბლიოთეკა | ბათუმის შოთა რუსთაველის სახელმწიფო უნივერსიტეტის მთავარი ბიბლიოთეკა | წიგნსაცავი | 2018-12-17 | 22.30 | 338.22 მ-63 | 56819 | 2018-12-17 | 56819 | 2018-12-17 | წიგნი | 22.30 ₾. | |||||
| ბათუმის შოთა რუსთაველის სახელმწიფო უნივერსიტეტის მთავარი ბიბლიოთეკა | ბათუმის შოთა რუსთაველის სახელმწიფო უნივერსიტეტის მთავარი ბიბლიოთეკა | წიგნსაცავი | 2018-12-17 | 22.30 | 338.22 მ-63 | 56820 | 2018-12-17 | 56820 | 2018-12-17 | წიგნი | 22.30 ₾. | |||||
| ბათუმის შოთა რუსთაველის სახელმწიფო უნივერსიტეტის მთავარი ბიბლიოთეკა | ბათუმის შოთა რუსთაველის სახელმწიფო უნივერსიტეტის მთავარი ბიბლიოთეკა | წიგნსაცავი | 2018-12-17 | 22.30 | 338.22 მ-63 | 56821 | 2018-12-17 | 56821 | 2018-12-17 | წიგნი | 22.30 ₾. | |||||
| ბათუმის შოთა რუსთაველის სახელმწიფო უნივერსიტეტის მთავარი ბიბლიოთეკა | ბათუმის შოთა რუსთაველის სახელმწიფო უნივერსიტეტის მთავარი ბიბლიოთეკა | წიგნის კალათა | 2018-12-17 | 22.30 | 338.22 მ-63 | 56822 | 2018-12-17 | 56822 | 2018-12-17 | წიგნი | 22.30 ₾. | |||||
| ბათუმის შოთა რუსთაველის სახელმწიფო უნივერსიტეტის მთავარი ბიბლიოთეკა | ბათუმის შოთა რუსთაველის სახელმწიფო უნივერსიტეტის მთავარი ბიბლიოთეკა | წიგნსაცავი | 2018-12-17 | 22.30 | 338.22 მ-63 | 56823 | 2018-12-17 | 56823 | 2018-12-17 | წიგნი | 22.30 ₾. | |||||
| ბათუმის შოთა რუსთაველის სახელმწიფო უნივერსიტეტის მთავარი ბიბლიოთეკა | ბათუმის შოთა რუსთაველის სახელმწიფო უნივერსიტეტის მთავარი ბიბლიოთეკა | წიგნის კალათა | 2018-12-17 | 22.30 | 338.22 მ-63 | 56824 | 2018-12-17 | 56824 | 2018-12-17 | წიგნი | 22.30 ₾. | |||||
| ბათუმის შოთა რუსთაველის სახელმწიფო უნივერსიტეტის მთავარი ბიბლიოთეკა | ბათუმის შოთა რუსთაველის სახელმწიფო უნივერსიტეტის მთავარი ბიბლიოთეკა | წიგნის კალათა | 2018-12-17 | 22.30 | 338.22 მ-63 | 56825 | 2018-12-17 | 56825 | 2018-12-17 | წიგნი | 22.30 ₾. | |||||
| ბათუმის შოთა რუსთაველის სახელმწიფო უნივერსიტეტის მთავარი ბიბლიოთეკა | ბათუმის შოთა რუსთაველის სახელმწიფო უნივერსიტეტის მთავარი ბიბლიოთეკა | წიგნსაცავი | 2018-12-17 | 22.30 | 338.22 მ-63 | 56826 | 2018-12-17 | 56826 | 2018-12-17 | წიგნი | 22.30 ₾. | |||||
| ბათუმის შოთა რუსთაველის სახელმწიფო უნივერსიტეტის მთავარი ბიბლიოთეკა | ბათუმის შოთა რუსთაველის სახელმწიფო უნივერსიტეტის მთავარი ბიბლიოთეკა | წიგნსაცავი | 2018-12-17 | 22.30 | 338.22 მ-63 | 56827 | 2018-12-17 | 56827 | 2018-12-17 | წიგნი | 22.30 ₾. |
